Welcome to the Holygrace Academy Library

Please use search bar below to get started

YOU BE THE DETECTIVE (Record no. 6205)

MARC details
000 -LEADER
fixed length control field 00481nam a22001457a 4500
020 ## - INTERNATIONAL STANDARD BOOK NUMBER
ISBN 0-590-42731-8
082 ## - DEWEY DECIMAL CLASSIFICATION NUMBER
Classification number 823
Item number MIL/Y
100 ## - MAIN ENTRY--AUTHOR NAME
Personal name MILLER, MARVIN
245 ## - TITLE STATEMENT
Title YOU BE THE DETECTIVE
260 ## - PUBLICATION, DISTRIBUTION, ETC. (IMPRINT)
Place of publication NEW YORK
Name of publisher SCHOLASTIC INC
Year of publication 1991
300 ## - PHYSICAL DESCRIPTION
Number of Pages 78
520 ## - SUMMARY, ETC.
Summary, etc WANTED - SEVEN BAFFLING CRIMES HAVE BEEN COMMITTED, AND YOU ARE THE DETECTIVE. YOU VISIT THE SCENE OF THE CRIME. YOU QUESTION THE SUSPECTS. yOU PIECE TOGETHER THE CLUES.
650 ## - SUBJECT ADDED ENTRY--TOPICAL TERM
Topical Term DETECTIVE NOVEL
942 ## - ADDED ENTRY ELEMENTS (KOHA)
Koha item type Books
Holdings
Withdrawn status Lost status Collection code Home library Current library Shelving location Date acquired Source of acquisition Cost, normal purchase price Full call number Accession Number Koha item type
    Fiction Main Library Main Library SHELF 15-K-CHILDREN'S STORYBOOKS 18/06/2012 Purchase 40.00 823 MIL/Y 06398 Books